000 00824nam a2200205 a 4500
001 000021110
005 20200930011234.0
008 100831s2006 es 001 0 spa d
020 _a848479072X
040 _aDO-SdBNP
_bspa
_cBNPHU
082 _axxxx
_bV124J
100 1 _aVadillo, José Manuel de
_944139
245 1 0 _aJosé Manuel de Vadillo y la independencia de América /
_cJosé Manuel Vadillo ;coordinació Luis Miguel García Mora; introduccíon, transcrisión y notas Alberto Gil Novales ; traducción Miguel Ferreitas de Costa.
260 _aMadrid :
_bFudación MAPFRE
_bSecretaría de Cooperación Iberoamericana,
_c2006.
300 _a676 p. ;
_c21 cm.
700 1 _aGarcía Mora, Luis Miguel
_944140
700 1 _aGil Novales, Alberto
_944141
700 1 _aFerreitas de Costa, Miguel
_944142
049 _aBNPD
999 _c20612
_d20612